1668 1595 1984 1973 1880 1558 1255 1516 1058 1335 1602 1091 1479 1313 1736 1007 1725 1645 1758 1007 1223 1540 1000 1796 1665 1061 1953 1293 1463 1321 1919 1602 1932 1351 1865 1327 1924 1566 1924 1984 1492 1856 1199 1876 1754 1860 1525 1315 1709 1146 1024 1662 1340 1873 1589 1853 1902 1526 1856 1763 1599 1281 1084 1580 1262 1366 1199 1234 1255 1805 1963 1926 1364 1966 1853 1829 1351 1575 1706 1228 1882 1253 1623 1621 1594 1722 1082 1422 1097 1666 1116 1402 1605 1903 1132 1279 1726 1094 1020 BCNSPRNW ULIB Ver.6.0+V

เปลี่ยนเป็นภาษาไทย

Change to English
 แสดงรายละเอียดบรรณานุกรม
  กลับหน้าหลัก

Brief Record : Get Marc (ISO 2709) : E-mail record : QR code < ปิดหน้าต่าง
LEADER : 00000nam 2200000uu 4500
001    13399112734
003     ULIB
008    110907s2550||||th 000 0 tha d
020    9789749492965
050  4 LB1027^bส181ส 2550
110 1  สถาบันพระบรมราชชนก
245 10 คู่มือการจัดการเรียนการสอนวิชา การพัฒนากระบวนการคิดอย่างเป็นระบบ /^cสถาบันพระบรมราชชนก
260    นนทบุรี :^bสถาบันพระบรมราชชนก,^c2550
300    43 หน้า
650  7 การคิด^xการจัดการเรียนการสอน
945    ^p0^l0^i021917
945    ^p0^l0^i021918
995    ทศพร
999 ^a ทศพร
รายการนี้ยังไม่มีแท็ก
คุณยังไม่ได้ล็อกอิน คุณสามารถมีกิจกรรมร่วมกับเว็บไซต์ได้ แต่ต้องล็อกอินก่อน ::
  ล็อกอิน

รายการสื่อสารสนเทศ

ลำดับที่ ประเภท เลขเรียก/บาร์โค้ด สถานที่ สถานะ
- ไม่พบข้อมูล -

BibComment


ยังไม่เคยถูกคอมเมนท์

คอมเมนท์ทรัพยากรรายการนี้
  คอมเมนท์: คู่มือการจัดการเร..


 Copyright 2026. Bcnsprnw @Library